|
|
|
|
| LEADER |
00000nam a22000007a 4500 |
| 008 |
210818b ||||| |||| 00| 0 eng d |
| 020 |
|
|
|a ISBN: 978-1-4462-0906-6
|
| 100 |
|
|
|a PAGE, Jools.
|
| 245 |
|
|
|a Working with babies & children from birth to three/
|c Jools Page, Ann Clare & Cathy Nutbrown.-
|g xiv,230;ill
|
| 250 |
|
|
|b 2nd ed.-
|c Jools Page, Ann Clare & Cathy Nutbrown
|
| 260 |
|
|
|b SAGE,
|c 2013.
|h Los Angeles
|i 692429 – Soc. Sci.
|i 692430
|l HQ778.5 .P14
|m 1. Child care.
|m 2. Infants – Care.
|m I. Clare, Ann
|m II. Nutbrown Cathy.
|m Title.
|
| 500 |
|
|
|a “It includes index and references”
|
| 942 |
|
|
|a lcc
|c BK
|e j. o. ifatolla
|f 18/ 08/ 2021
|
| 952 |
|
|
|0 0
|1 0
|2 ddc
|4 0
|6 HQ_778_500000000000000__P14
|7 0
|9 3087
|a SSL
|b HOL
|c GJ
|d 2021-08-18
|l 0
|o HQ778.5 .P14
|p 2021-66785
|r 2021-08-18 00:00:00
|w 2021-08-18
|y BK
|
| 952 |
|
|
|0 0
|1 0
|2 ddc
|4 0
|6 HQ_778_500000000000000__P14
|7 0
|9 3088
|a SSL
|b HOL
|c GJ
|d 2021-08-18
|l 0
|o HQ778.5 .P14
|p 2021-66786
|r 2021-08-18 00:00:00
|w 2021-08-18
|y BK
|
| 999 |
|
|
|c 1566
|d 1566
|